| 000 | 01197nam a2200289 c 4500 | ||
|---|---|---|---|
| 003 | BLK | ||
| 005 | 20180420222717.0 | ||
| 008 | 180408b bul|||||r ||||||| ||bul|| | ||
| 010 | _aKNG00061735000 | ||
| 040 | _aBLK | ||
| 041 |
_aBUL _cBUL |
||
| 080 |
_aДерматология. Кожни болести _b616.5 _x-053.2 _z616.5-053.2 |
||
| 100 | 1 |
_aТрашлиева-Койчева, Мариана Стефанова _eпърви автор _9131124 |
|
| 139 |
_aТрашлиева-Койчева, Мариана _bТ 79 |
||
| 245 | 1 | 0 |
_aДерматология в детската възраст _bМоногр. _cМариана Стефанова Трашлиева-Койчева. |
| 257 | _aBGR | ||
| 260 |
_аСофия _bМедицина и физкултура _c1990 _fПловдив : Полиграфия |
||
| 300 |
_a216 с. _bс ил., табл., 24 цв. ил. _c22 см |
||
| 380 | _a61 | ||
| 500 | _aБиблиогр. след отд. гл. ; Рез. на рус., англ. ез. | ||
| 650 | 4 |
_aКожни болести - у деца _9287818 |
|
| 852 | _aЦб 165342 | ||
| 856 | 4 |
_qpdf _u |
|
| 856 | 4 |
_qpdf _u |
|
| 942 |
_cKNG _n0 |
||
| 944 |
_aCR _c13.06.2004 _kЧиталня |
||
| 944 |
_aED _c09.10.2015 _k |
||
| 999 |
_c57727 _d57727 |
||